[Event "POL-chT U19 2nd League"]
[Site "Szczyrk"]
[Date "2014.07.29"]
[Round "7.26"]
[White "Klimek, Piotr"]
[Black "Kaminski, Piotr1111"]
[Result "1/2-1/2"]
[WhiteElo "1839"]
[BlackElo "1601"]
[PlyCount "118"]
[EventDate "2014.07.25"]
[EventType "team-swiss"]
[EventRounds "11"]
[EventCountry "POL"]
[SourceTitle "EXT 2015"]
[Source "ChessBase"]
[SourceDate "2014.11.20"]
[SourceVersion "1"]
[SourceVersionDate "2014.11.20"]
[SourceQuality "1"]
[WhiteTeam "Opole Rodlo U19 II"]
[BlackTeam "Gniezno LKS Chrobry U19"]
[WhiteTeamCountry "POL"]
[BlackTeamCountry "POL"]

1. Nf3 Nf6 2. b3 g6 3. Bb2 Bg7 4. g3 0-0 5. Bg2 c5 6. 0-0 Nc6 7. d3 Re8 8. Nbd2 e5 9. Nc4 d6 10. e4 Qc7 11. Ne3 h6 12. c4 Be6 13. Nd5 Qd7 14. Qd2 Kh7 15. Ne1 Ng8 16. f4 Nd4 17. f5 Bxd5 18. cxd5 Nf6 19. Nc2 Qe7 20. Nxd4 exd4 21. Bh3 g5 22. Bc1 Nd7 23. Qf2 Qf6 24. Qe2 Ne5 25. Bb2 Rac8 26. Rac1 Red8 27. Rfd1 Rh8 28. Bg4 Rhe8 29. Kg2 Kg8 30. Rc2 b6 31. Rdc1 Rb8 32. Rh1 Kf8 33. Rcc1 Ke7 34. h4 Rh8 35. Rcd1 Rbg8 36. Bc1 Bf8 37. hxg5 hxg5 38. Rxh8 Rxh8 39. Rh1 Rxh1 40. Kxh1 Qh8+ 41. Kg2 Kf6 42. Qd1 Be7 43. Be2 Qh6 44. Qf1 Kg7 45. Qg1 Bf6 46. Qd1 Qh8 47. Bd2 a5 48. Qc1 Qh6 49. a3 Nd7 50. b4 axb4 51. axb4 Ne5 52. b5 Nd7 53. Qa3 Qh8 54. Qa7 Qd8 55. Qb7 Ne5 56. Kg1 Nd7 57. Kg2 Ne5 58. Kg1 Nd7 59. Kg2 Ne5 1/2-1/2

[Event "Olsztyn op U18 blitz"]
[Site "Olsztyn"]
[Date "2013.08.03"]
[Round "1"]
[White "Klimek, Piotr"]
[Black "Kaczmarek, Aleksander"]
[Result "0-1"]
[WhiteElo "1787"]
[BlackElo "2122"]
[PlyCount "76"]
[EventDate "2013.08.03"]
[EventType "swiss (blitz)"]
[EventRounds "22"]
[EventCountry "POL"]
[SourceTitle "CBM 155 Extra"]
[Source "ChessBase"]
[SourceDate "2013.08.26"]
[SourceVersion "1"]
[SourceVersionDate "2013.08.26"]
[SourceQuality "1"]

1. Nf3 Nf6 2. b3 d6 3. Bb2 e5 4. c4 Bg4 5. d3 Bxf3 6. gxf3 Nc6 7. e4 Nh5 8. Nc3 Nf4 9. Nd5 Nxd5 10. cxd5 Nd4 11. Bxd4 exd4 12. f4 g6 13. Qf3 c6 14. dxc6 Qa5+ 15. Ke2 bxc6 16. Bh3 Bh6 17. Rhc1 Qa6 18. Rc4 0-0 19. Rxd4 Bg7 20. e5 dxe5 21. Re4 exf4 22. Rd1 Qxa2+ 23. Rd2 Qxb3 24. Qxf4 Rfe8 25. Bd7 Rxe4+ 26. Qxe4 Bc3 27. Bxc6 Rb8 28. Bd5 Qb5 29. Rc2 Re8 30. Qxe8+ Qxe8+ 31. Be4 Bf6 32. Ra2 Qe7 33. Kd1 Kg7 34. f3 Qc5 35. Ke2 a5 36. Kd1 Qb4 37. Ke2 a4 38. Bd5 a3 0-1

[Event "POL-ch U16"]
[Site "Szczyrk"]
[Date "2013.??.??"]
[Round "8"]
[White "Kowalski, Maciej"]
[Black "Klimek, Piotr"]
[Result "1-0"]
[WhiteElo "1877"]
[BlackElo "1789"]
[PlyCount "93"]
[EventDate "2013.03.17"]
[EventType "swiss"]
[EventRounds "9"]
[EventCountry "POL"]
[SourceTitle "CBM 153 Extra"]
[Source "ChessBase"]
[SourceDate "2013.04.22"]
[SourceVersion "1"]
[SourceVersionDate "2013.04.22"]
[SourceQuality "1"]

1. d4 b5 2. e4 a6 3. Be3 Bb7 4. Nd2 Nf6 5. f3 e6 6. a4 b4 7. c3 d5 8. e5 Nfd7 9. f4 c5 10. Ngf3 a5 11. Be2 Ba6 12. 0-0 Qb6 13. Bxa6 Nxa6 14. g4 g6 15. f5 0-0-0 16. fxe6 fxe6 17. Qe2 Be7 18. Ng5 Bxg5 19. Bxg5 Rdf8 20. Bh6 bxc3 21. bxc3 Rxf1+ 22. Rxf1 cxd4 23. cxd4 Nb4 24. Nb3 Nc6 25. Qe3 Ncxe5 26. dxe5 Qb4 27. h3 Nb6 28. Qc5+ Qxc5+ 29. Nxc5 Nc4 30. Rf7 Nxe5 31. Ra7 Kb8 32. Re7 Nf3+ 33. Kg2 Ne1+ 34. Kf2 Nc2 35. Nxe6 Rc8 36. Rxh7 d4 37. Rd7 Rc4 38. Bf4+ Ka8 39. h4 Rxa4 40. h5 gxh5 41. gxh5 Ra1 42. h6 Rh1 43. h7 a4 44. Rd8+ Ka7 45. h8Q Rxh8 46. Rxh8 a3 47. Bc1 1-0

[Event "POL-ch U16"]
[Site "Szczyrk"]
[Date "2013.??.??"]
[Round "6"]
[White "Smal, Tobiasz"]
[Black "Klimek, Piotr"]
[Result "0-1"]
[WhiteElo "1915"]
[BlackElo "1789"]
[PlyCount "58"]
[EventDate "2013.03.17"]
[EventType "swiss"]
[EventRounds "9"]
[EventCountry "POL"]
[SourceTitle "CBM 153 Extra"]
[Source "ChessBase"]
[SourceDate "2013.04.22"]
[SourceVersion "1"]
[SourceVersionDate "2013.04.22"]
[SourceQuality "1"]

1. Nf3 b5 2. g3 Bb7 3. Bg2 Nf6 4. 0-0 e6 5. b3 d5 6. Bb2 Be7 7. c4 bxc4 8. bxc4 c5 9. d4 0-0 10. Nbd2 Nbd7 11. Rc1 Rc8 12. Re1 Nb6 13. dxc5 Bxc5 14. cxd5 Nbxd5 15. Ne5 Bxf2+ 16. Kxf2 Qb6+ 17. e3 Qxb2 18. Nec4 Qb4 19. Rb1 Qe7 20. Qb3 Ba8 21. Bf3 Nd7 22. Ne4 Rxc4 23. Qxc4 Ne5 24. Qe2 Nxf3 25. Qxf3 Nc3 26. Nf6+ Kh8 27. Ne4 Bxe4 28. Qf4 Bxb1 29. Qd4 Qf6+ 0-1

[Event "POL-chT U19 2nd League"]
[Site "Borowice"]
[Date "2012.07.23"]
[Round "3"]
[White "Klimek, Piotr"]
[Black "Matuszewski, Maciej"]
[Result "1/2-1/2"]
[WhiteElo "1813"]
[BlackElo "1638"]
[PlyCount "162"]
[EventDate "2012.07.21"]
[EventType "team-swiss"]
[EventRounds "11"]
[EventCountry "POL"]
[SourceTitle "EXT 2014"]
[Source "ChessBase"]
[SourceDate "2013.11.20"]
[SourceVersion "1"]
[SourceVersionDate "2013.11.20"]
[SourceQuality "1"]
[WhiteTeam "Opole Rodlo U19"]
[BlackTeam "Warszawa UKS Czternastka U19"]
[WhiteTeamCountry "POL"]
[BlackTeamCountry "POL"]

1. e4 c5 2. c4 d6 3. Ne2 Nc6 4. d4 cxd4 5. Nxd4 Nf6 6. Nc3 a6 7. Be2 e6 8. Be3 Be7 9. 0-0 0-0 10. Qd2 Qc7 11. f3 Rd8 12. Rfd1 Nd7 13. Rac1 Nb6 14. Ndb5 axb5 15. Nxb5 Qb8 16. Bxb6 Rd7 17. a3 Ra6 18. Be3 b6 19. Bf1 Ra8 20. Qf2 Bd8 21. Nd4 Nxd4 22. Bxd4 Raa7 23. Qe3 e5 24. Bc3 Ba6 25. Qd2 h6 26. Qd3 Rac7 27. Bb4 Be7 28. g3 Kh8 29. Bd2 Rb7 30. b4 b5 31. Qb3 bxc4 32. Bxc4 Bxc4 33. Rxc4 Bd8 34. Be3 Rbc7 35. Rxc7 Bxc7 36. a4 Bb6 37. b5 Qa7 38. Bxb6 Qxb6+ 39. Kg2 Ra7 40. Qb4 Qe3 41. Qc4 Qa3 42. Rd3 Qxa4 43. Qxa4 Rxa4 44. Rxd6 Ra2+ 45. Kh3 Rb2 46. Rd8+ Kh7 47. Rb8 Rb3 48. Kg4 g6 49. f4 Rb4 50. b6 Rxe4 51. Kf3 Rb4 52. fxe5 Rb5 53. b7 Rb4 54. Ke3 Kg7 55. Kd3 Rb1 56. Kd4 Rb2 57. Kd5 Rd2+ 58. Kc6 Rc2+ 59. Kd7 Rd2+ 60. Ke7 Rb2 61. g4 Rb3 62. h4 Rb2 63. Kd6 Rd2+ 64. Ke7 Rb2 65. g5 hxg5 66. hxg5 Rb3 67. Rd8 Rxb7+ 68. Rd7 Rb6 69. Ke8 Rb8+ 70. Ke7 Rb6 71. Ke8 Rb8+ 72. Ke7 Rb6 73. Kd8 Rb8+ 74. Kc7 Re8 75. Kd6 Kf8 76. Ra7 Rd8+ 77. Rd7 Re8 78. Rc7 Rd8+ 79. Rd7 Re8 80. Kd5 Ra8 81. Kd6 Re8 1/2-1/2

[Event "Solina Mind Sports U14 op"]
[Site "Solina"]
[Date "2012.04.16"]
[Round "2"]
[White "Klimek, Piotr"]
[Black "Snihur, Piotr"]
[Result "1/2-1/2"]
[WhiteElo "1731"]
[BlackElo "1920"]
[PlyCount "164"]
[EventDate "2012.04.15"]
[EventType "swiss"]
[EventRounds "9"]
[EventCountry "POL"]
[SourceTitle "EXT 2014"]
[Source "ChessBase"]
[SourceDate "2013.11.20"]
[SourceVersion "1"]
[SourceVersionDate "2013.11.20"]
[SourceQuality "1"]

1. e4 c5 2. Nf3 Nc6 3. d4 cxd4 4. Nxd4 Nf6 5. Nc3 d6 6. Be2 a6 7. Be3 e6 8. 0-0 Be7 9. Qd2 Qc7 10. f4 0-0 11. Bf3 Bd7 12. Nb3 b5 13. Qf2 Rac8 14. a3 b4 15. axb4 Nxb4 16. g4 Bc6 17. g5 Nd7 18. Bg4 d5 19. e5 g6 20. Nd4 Bb7 21. h4 Nc6 22. Nxc6 Qxc6 23. Bd4 Bc5 24. Rfd1 Bxd4 25. Qxd4 Qb6 26. Qxb6 Nxb6 27. Be2 Nc4 28. Bxc4 Rxc4 29. Ra4 Rxa4 30. Nxa4 Bc6 31. Nc5 Rb8 32. b3 Rb4 33. Nd3 Re4 34. Kf2 Bb5 35. Kf3 Bxd3 36. Rxd3 Re1 37. Rc3 Kg7 38. Rc6 Rf1+ 39. Kg3 Ra1 40. Rc8 Ra2 41. Rc6 a5 42. Rc5 a4 43. bxa4 Rxa4 44. Rc3 Re4 45. Kf3 Re1 46. Kf2 Rh1 47. Kg3 Rg1+ 48. Kf3 h5 49. gxh6+ Kxh6 50. Rc7 Kg7 51. c3 Rc1 52. Rc5 Kh6 53. Kg4 Rc2 54. Kg3 Kh5 55. Rc8 Kh6 56. Rc5 Kg7 57. Kf3 Rc1 58. Kg3 Kh7 59. Kg2 Kh6 60. Kg3 Rd1 61. Kg4 Rd3 62. Rc8 Rd1 63. Rc7 Rg1+ 64. Kh3 Kg7 65. Rc6 Rc1 66. Rc5 Rc2 67. Kg3 Kh6 68. Kh3 Rd2 69. Kg4 Rd3 70. Rc7 Kg7 71. Rc8 f5+ 72. exf6+ Kxf6 73. Rc7 Rd1 74. Kf3 Rf1+ 75. Kg4 Rh1 76. Rb7 Rg1+ 77. Kf3 Rc1 78. Rc7 d4 79. c4 Re1 80. Rd7 Re3+ 81. Kf2 Rd3 82. c5 Rc3 1/2-1/2

[Event "Gora Sw Anny op 5th"]
[Site "Gora Sw Anny"]
[Date "2012.01.12"]
[Round "2"]
[White "Klimek, Piotr"]
[Black "Stankiewicz, Pawel"]
[Result "1/2-1/2"]
[WhiteElo "1701"]
[BlackElo "2062"]
[PlyCount "74"]
[EventDate "2012.01.11"]
[EventType "swiss"]
[EventRounds "9"]
[EventCountry "POL"]
[SourceTitle "CBM 146 Extra"]
[Source "ChessBase"]
[SourceDate "2012.02.29"]
[SourceVersion "1"]
[SourceVersionDate "2012.02.29"]
[SourceQuality "1"]

1. e4 c5 2. Nf3 d6 3. c4 e5 4. Be2 Nc6 5. d3 Nge7 6. 0-0 g6 7. Ne1 Bg7 8. Nc3 0-0 9. f4 f5 10. Rb1 Kh8 11. Nc2 Be6 12. Bf3 fxe4 13. Bxe4 d5 14. cxd5 Nxd5 15. Nxd5 Bxd5 16. Qe2 Bxa2 17. Ra1 Bd5 18. f5 Nd4 19. Nxd4 exd4 20. fxg6 Rxf1+ 21. Kxf1 Bxe4 22. Qxe4 Qf6+ 23. Bf4 Rf8 24. g3 hxg6 25. h4 Qb6 26. Kg1 a6 27. Rf1 Rf6 28. h5 Re6 29. Qd5 Qc6 30. Qd8+ Re8 31. Qh4 gxh5 32. Qxh5+ Kg8 33. Bd6 Qd7 34. Qxc5 Qe6 35. Bf4 Rc8 36. Qg5 b5 37. Bd2 Rf8 1/2-1/2

[Event "Gora Sw Anny op 4th"]
[Site "Gora Sw Anny"]
[Date "2011.02.19"]
[Round "9"]
[White "Klimek, Piotr"]
[Black "Suliborski, Artur"]
[Result "0-1"]
[WhiteElo "1622"]
[BlackElo "1725"]
[PlyCount "74"]
[EventDate "2011.02.12"]
[EventType "swiss"]
[EventRounds "9"]
[EventCountry "POL"]
[SourceTitle "CBM 140 Extra"]
[Source "ChessBase"]
[SourceDate "2011.03.01"]
[SourceVersion "1"]
[SourceVersionDate "2011.03.01"]
[SourceQuality "1"]

1. e4 e6 2. d4 d5 3. Nc3 Nf6 4. Bg5 Bb4 5. e5 h6 6. exf6 hxg5 7. fxg7 Rg8 8. Qh5 Qf6 9. Nf3 Qxg7 10. Bd3 c5 11. 0-0 g4 12. Ne5 Nc6 13. Bb5 Bd7 14. Nxd7 Kxd7 15. Ne2 cxd4 16. Qh4 Bd6 17. h3 gxh3 18. Qxh3 Rh8 19. Qf3 Bh2+ 20. Kh1 Bd6+ 21. Kg1 Qh7 22. Qh3 Qxh3 23. gxh3 Rag8+ 24. Ng3 Bxg3 25. fxg3 Rxg3+ 26. Kf2 Rgxh3 27. Ke2 Rh2+ 28. Ke1 Rh1 29. Kd2 R8h2+ 30. Kd3 Rh3+ 31. Kd2 R1h2+ 32. Kd1 f5 33. Kc1 Kd6 34. Bxc6 bxc6 35. b3 Rc3 36. a4 Rcxc2+ 37. Kd1 Rb2 0-1

[Event "Polanica Zdroj op-C 45th"]
[Site "Polanica Zdroj"]
[Date "2009.08.26"]
[Round "9"]
[White "Smolka, Marcin"]
[Black "Klimek, Piotr"]
[Result "1/2-1/2"]
[WhiteElo "1897"]
[BlackElo "1688"]
[PlyCount "54"]
[EventDate "2009.08.18"]
[EventType "swiss"]
[EventRounds "9"]
[EventCountry "POL"]
[SourceTitle "CBM 132 Extra"]
[Source "ChessBase"]
[SourceDate "2009.11.03"]
[SourceVersion "1"]
[SourceVersionDate "2009.11.03"]
[SourceQuality "1"]

1. e4 e6 2. d4 d5 3. Nc3 Bb4 4. e5 Ne7 5. f4 c5 6. h3 Bxc3+ 7. bxc3 Nf5 8. Nf3 Nc6 9. Bd3 Nfe7 10. 0-0 Bd7 11. a4 Qb6 12. Kh1 cxd4 13. cxd4 Rc8 14. Ba3 Na5 15. Bc5 Qc7 16. Qd2 b6 17. Bd6 Nc4 18. Bxc4 Qxc4 19. a5 Qxc2 20. axb6 Qxd2 21. Nxd2 axb6 22. Rfb1 Rc6 23. Ra8+ Nc8 24. Kg1 f6 25. Rb8 Kf7 26. Rb7 Ke8 27. Rb8 Kf7 1/2-1/2